Stazioni ferroviarie della Città Metropolitana di Bologna - Statistics

Statistiche generali
  • Questo quiz è stato fatto 87 volte
  • Il punteggio medio è 14 su 70
Statistiche sulle risposte
Lettera iniziale Linee interessate Nome della stazione % Corretto
B Multiple linee Bologna Centrale
78%
I Bologna - Rimini Imola
58%
S Bologna - Porretta Sasso Marconi
53%
C Bologna - Porretta Casalecchio di Reno
50%
S Bologna - Rimini San Lazzaro di Savena
45%
B Bologna - Rimini e Bologna - Prato Bologna San Vitale
43%
C Bologna - Rimini Castel San Pietro Terme
40%
B Bologna - Prato Bologna Mazzini
38%
P Bologna - Porretta e Porretta - Pistoia Porretta Terme
38%
B Bologna - Prato Bologna San Ruffillo
35%
C Bologna - Porretta e Bologna - Vignola Casalecchio Garibaldi
35%
C Bologna - Porretta e Bologna - Vignola Casteldebole
33%
A Bologna - Modena Anzola dell'Emilia
30%
P Bologna - Prato Pianoro
28%
S Bologna - Verona San Giovanni in Persiceto
28%
B Bologna - Portomaggiore Budrio
25%
C Bologna - Vignola Casalecchio Palasport
25%
C Bologna - Padova Castel Maggiore
25%
B Bologna - Vignola Bazzano
23%
B Bologna - Porretta e Bologna - Vignola Bologna Borgo Panigale
23%
M Bologna - Porretta Marzabotto
23%
R Bologna - Porretta Riola
23%
V Bologna - Porretta Vergato
23%
Z Bologna - Vignola Zola Chiesa
23%
B Bologna - Portomaggiore Bologna Zanolini
20%
Z Bologna - Vignola Zola Centro
20%
B Bologna - Portomaggiore Bologna Rimesse
18%
B Bologna - Portomaggiore Bologna Roveri
18%
B Bologna - Porretta Borgonuovo
18%
C Bologna - Vignola Casalecchio Ceretolo
18%
C Bologna - Portomaggiore Castenaso
18%
C Bologna - Vignola Crespellano
18%
O Bologna - Rimini Ozzano nell'Emilia
18%
R Bologna - Prato Rastignano
18%
R Bologna - Vignola Riale
18%
S Bologna - Modena Samoggia
18%
B Bologna - Portomaggiore Bologna Santa Rita
15%
B Bologna - Portomaggiore Bologna Via Larga
15%
C Bologna - Verona Crevalcore
15%
P Bologna - Porretta Pontecchio Marconi
15%
P Bologna - Vignola Ponte Ronca
15%
S Bologna - Padova San Pietro in Casale
15%
B Bologna - Padova Bologna Corticella
13%
M Bologna - Portomaggiore Molinella
13%
P Bologna - Vignola Pilastrino
13%
S Bologna - Padova San Giorgio di Piano
13%
S Bologna - Porretta Silla
13%
V Bologna - Rimini Varignana
13%
V Bologna - Vignola Via Lunga
13%
C Bologna - Porretta Carbona
10%
F Bologna - Padova Funo Centergross
10%
G Bologna - Prato Grizzana
10%
L Bologna - Porretta Lama di Reno
10%
M Bologna - Prato Monzuno - Vado
10%
M Bologna - Prato Musiano - Pian di Macina
10%
P Bologna - Porretta Pioppe di Salvaro
10%
B Porretta - Pistoia Biagioni Lagacci
8%
C Bologna - Verona Calderara - Bargellino
8%
C Bologna - Portomaggiore Castenaso Stellina
8%
G Bologna - Padova Galliera
8%
M Porretta - Pistoia Molino del Pallone
8%
M Bologna - Vignola Muffa
8%
O Bologna - Verona Osteria Nuova
8%
P Bologna - Porretta Pian di Venola
8%
P Porretta - Pistoia Ponte della Venturina
8%
S Bologna - Prato San Benedetto Val di Sambro - Castiglione dei Pepoli
8%
M Bologna - Portomaggiore Mezzolara
5%
B Bologna - Portomaggiore Budrio Centro
3%
C Bologna - Portomaggiore Cà dell'Orbo
3%
G Bologna - Portomaggiore Guarda
3%
Nessun quiz corrispondente trovato
Distribuzione punteggi
Percentuale di utenti per punteggio
Percentile per numero di risposta
I tuoi punteggi nel tempo
Non hai fatto questo quiz